000 01165aam a2200313 i 4500
001 768714001
003 CO-MdFUSB
005 20211215083003.0
007 ta
008 211215t1939 -us |||| |||| 00| 0 eng d
020 _a[No incluye ISBN]
040 _bspa.
_aCO-MdFUSB
_cCO-MdFUSB
_dCO-MdFUSBC
_erda
041 _aeng
082 0 4 _a270.1
_223
_bS7424w
100 1 _aSpeer, Roberto Elliot (1867-)
_eautor
245 1 0 _aWhen christianity was new
_c/ Robert E. Speer
264 1 _aNew York, NY., USA :
_bFleming H. Revell,
_c[1939]
264 1 _c© 1939
300 _a192 páginas
_c; 21 cm
336 _atexto
_btxt
_2rdacontent
337 _2rdamedia
_asin mediación
_bn
338 _2rdacarrier
_avolumen
_bnc
505 _aLa iglesia de la casa. -- Cuestiones primitivas cristianas y socioeconómicas. -- La iglesia primitiva como compañerismo. -- La iglesia primitiva y el problema racial. -- Cristianismo primitivo y "otras religiones". -- El lugar de cristo en el pensamiento y la vida de la iglesia primitiva.
563 _aTapa dura
650 0 _9153
_aHistoria de la Iglesia
942 _cBK
945 _aJTF-925
999 _c38496
_d38496